[Event "DEM U12/U12w 2013"]
[Site "Oberhof GER"]
[Date "2013.05.21"]
[Round "5"]
[White "Schumacher, Ole"]
[Black "Böse, Carolin"]
[Result "1/2-1/2"]
[Termination "normal"]
[Board "44"]
[WhiteElo "1120"]
[BlackElo "1263"]
[PlyCount "62"]
[WhiteFideId "12971898"]
[BlackFideId "12929646"]
[EventCountry "GER"]
[EventRounds "11"]
[EventType "swiss"]
[EventDate "2013.05.18"]

1. d4 d5 2. c4 e6 3. Nc3 c5 4. cxd5 exd5 5. Nf3 Nc6 6. g3 c4 7. Bg2 Bf5 8. O-O
Nf6 9. Bg5 Be7 10. b3 Qa5 11. Rc1 h6 12. Bf4 Ba3 13. Ra1 Qxc3 14. Bd2 Qb2 15.
Qe1 Ne4 16. Kh1 c3 17. Bf4 Nb4 18. Qd1 c2 19. Qe1 Rc8 20. Qc1 Nc3 21. Bd2 O-O
22. Bxh6 gxh6 23. Qxh6 Nxe2 24. Qg5+ Bg6 25. Nh4 Kh7 26. Nxg6 fxg6 27. Qe7+ Kh6
28. Qh4+ Kg7 29. Qe7+ Rf7 30. Qe5+ Kg8 31. Bh3 Rc6 1/2-1/2

[Event "DEM U12/U12w 2013"]
[Site "Oberhof GER"]
[Date "2013.05.21"]
[Round "5"]
[White "Voß, Henrike"]
[Black "Schmidt, Sarah"]
[Result "1/2-1/2"]
[Termination "normal"]
[Board "45"]
[WhiteElo "1063"]
[BlackElo "1194"]
[PlyCount "74"]
[WhiteFideId "12971910"]
[BlackFideId "12965480"]
[EventCountry "GER"]
[EventRounds "11"]
[EventType "swiss"]
[EventDate "2013.05.18"]

1. e4 d5 2. exd5 Nf6 3. d4 Nxd5 4. Nf3 g6 5. Be2 Bg7 6. O-O O-O 7. c4 Nb6 8.
Nc3 Bg4 9. Be3 Nc6 10. d5 Bxf3 11. Bxf3 Ne5 12. Bxb6 axb6 13. Qe2 c6 14. Rad1
Qc7 15. a3 f5 16. Rd2 Rad8 17. dxc6 Rxd2 18. Qxd2 Nxf3+ 19. gxf3 bxc6 20. Rd1
Be5 21. h3 Qd6 22. Qe3 Qc7 23. Re1 Bh2+ 24. Kg2 Re8 25. Qe6+ Kh8 26. Qe3 Bf4
27. Qd4+ Kg8 28. c5 bxc5 29. Qc4+ Kh8 30. Qxc5 e5 31. Ne2 Bh6 32. Ng3 Bf8 33.
Qc4 Qd6 34. Qc2 Qc5 35. Qxc5 Bxc5 36. f4 e4 37. Rc1 Bd4 1/2-1/2

[Event "DEM U12/U12w 2013"]
[Site "Oberhof GER"]
[Date "2013.05.21"]
[Round "5"]
[White "Schubert, Lea Sophie"]
[Black "Weiten, Teresa"]
[Result "1/2-1/2"]
[Termination "normal"]
[Board "47"]
[WhiteElo "816"]
[BlackElo "995"]
[PlyCount "54"]
[BlackFideId "12971944"]
[EventCountry "GER"]
[EventRounds "11"]
[EventType "swiss"]
[EventDate "2013.05.18"]

1. e4 e5 2. Nf3 Nc6 3. Bc4 Nf6 4. Ng5 d5 5. exd5 Na5 6. d3 Bc5 7. Nc3 O-O 8.
O-O Bg4 9. Qd2 Re8 10. a3 Nxc4 11. dxc4 e4 12. Re1 Bf5 13. Qf4 Bg6 14. Ngxe4
Nxe4 15. Nxe4 Bxe4 16. Rxe4 Rxe4 17. Qxe4 Qf6 18. Qf4 Re8 19. g3 c6 20. Qxf6
gxf6 21. dxc6 bxc6 22. Bf4 Re2 23. Rd1 Bxf2+ 24. Kg2 Rxc2 25. Kh3 Rxb2 26. Bh6
Rb8 27. Rd6 Bc5 1/2-1/2